| 000 | 00763nam a22002417a 4500 | ||
|---|---|---|---|
| 003 | UA-OsUOA | ||
| 001 | 111611 | ||
| 007 | ta | ||
| 008 | 20150527b un ||||| |||| 00| 0 ukr d | ||
| 100 | _aПортнов А. | ||
| 090 |
_a94(438:470:477) _bП60 |
||
| 942 | _cBK | ||
| 040 |
_aUA-OsUOA _bukr _cUA-OsUOA _dUA-OsUOA |
||
| 245 |
_aІсторії для домашнього вжитку _bесеї про польсько-російсько-український трикутник пам'яті |
||
| 300 | _a344 с. | ||
| 955 | _a1 | ||
| 041 | _aukr | ||
| 080 | _a94(438:470:477) | ||
| 020 | _a978-966-8978-65-4 | ||
| 260 |
_aК. _bКритика _c2013 |
||
| 650 | 7 |
_a9 Географія. Біографії. Історія _2UDC |
|
| 999 |
_c397779 _d397779 |
||